Score 0/30 Timer 06:00
1 Play Today
% Correct
Swine
94.9%
Park
94.3%
Smile
94.1%
Chide
93.3%
Palate
93.3%
Statute
92.8%
Titles
92.1%
Chop
92%
Robot
92%
Acrid
91.7%
Niece
91.5%
Trick
91.1%
Ajar
91.1%
Course
90.6%
Noun
90%
% Correct
Filet
89.9%
Hoarse
89.9%
Slick
89.7%
Wheat
89.6%
Brash
89.5%
Truce
89.1%
Prom
88.4%
Snore
87.2%
Coast
87%
Bank
87%
Rabid
86.5%
Puke
85.1%
Noose
81.6%
Rude
80.9%
Heaven
78.9%
Remove Ads.
Support Sporcle.
Get the best of Sporcle when you Go Orange. This ad-free experience offers more features, more stats, and more fun while also helping to support Sporcle. Thank you for becoming a member.

You're not logged in!

Compare scores with friends on all Sporcle quizzes.
OR
Log In

Show Comments

Extras

Top Quizzes Today


Score Distribution

Your Account Isn't Verified!

In order to create a playlist on Sporcle, you need to verify the email address you used during registration. Go to your Sporcle Settings to finish the process.

Report this User

Report this user for behavior that violates our Community Guidelines.

Details: